000 00767nam a2200217Ia 4500
001 5264
003 GE_BSU
008 181216s||||||||xx |||||||||||||| ||und||
040 _cGE_BSU
080 _a512.64(075.8)+512.64(075.8)
100 _aБеклемишев, Д.В.
245 _aДополнительные главы линейной алгебры
245 _bУчеб пособие для студ вузов, обучающихся по спец. "физика" и "Прикладная математика
260 _aМосква
260 _bНаука
260 _c1983
300 _a333с.22 см.
300 _eБиблиогр. 334
653 _aДополнительные главы линейной алгебры
942 _cBK
999 _c38854
_d38854